Organizace a řízení ve službách a cestovním ruchu

Uložené v:
Podrobná bibliografia
Hlavný autor: Polák, Jiří
Korporativný autor: Vysoká škola ekonomická v Praze. Obchodní fakulta
Médium: Kniha
Jazyk:Czech
Vydavateľské údaje: Praha Státní pedagogické nakladatelství 1988
Vydanie:1. vyd.
Tagy: Pridať tag
Žiadne tagy, Buďte prvý, kto otaguje tento záznam!

MARC

LEADER 00000nam a2200000 4500
001 c032145
005 20221219085453.0
041 0 |a cze 
044 |a CZ 
245 1 0 |a Organizace a řízení ve službách a cestovním ruchu  |c Jiří Polák 
250 |a 1. vyd. 
264 1 |a Praha  |b Státní pedagogické nakladatelství  |c 1988 
300 |a 135 s. 
100 1 |a Polák, Jiří 
710 2 |a Vysoká škola ekonomická v Praze. Obchodní fakulta